[Event "Aust Junior Open "]
[Site "Perth "]
[Date "2004.01.20"]
[Round "7.18"]
[White "Wang, Zhengbo"]
[Black "Chu, Louis"]
[Result "1-0"]
[WhiteElo "1684"]
[BlackElo "1125"]
[PlyCount "63"]
[EventDate "2004.01.14"]
[EventType "swiss"]
[EventRounds "11"]
[EventCountry "AUS"]

1. d4 Nf6 2. Nf3 d5 3. Bg5 c5 4. Bxf6 exf6 5. Nbd2 Nc6 6. dxc5 Bxc5 7. Nb3 Qb6
8. e3 Be6 9. Be2 O-O 10. O-O Rad8 11. c3 Ne5 12. Qc2 Bg4 13. Rfd1 Rfe8 14. Nxc5
Qxc5 15. Rd4 Nc6 16. Rxg4 Re7 17. Nd4 g6 18. Nxc6 bxc6 19. Rd4 Rde8 20. Bf3 f5
21. Rad1 f4 22. Rxf4 Rxe3 23. Qd2 R3e5 24. g3 Kg7 25. Qd4 Qa5 26. c4 Qxa2 27.
cxd5 cxd5 28. Bxd5 Qa5 29. Rxf7+ Kh6 30. Qf4+ g5 31. Qf6+ Kh5 32. Bf3+ 1-0

[Event "Aust Junior Open "]
[Site "Perth "]
[Date "2004.01.20"]
[Round "7.19"]
[White "Lugo, Ruperto"]
[Black "Guzel, Adam"]
[Result "1-0"]
[WhiteElo "1697"]
[BlackElo "1346"]
[PlyCount "57"]
[EventDate "2004.01.14"]
[EventType "swiss"]
[EventRounds "11"]
[EventCountry "AUS"]

1. e4 e5 2. Nf3 Nc6 3. Bb5 Bc5 4. O-O Qf6 5. d3 h6 6. Be3 Bb6 7. c4 Nge7 8. c5
Ba5 9. a3 Nd4 10. Bxd4 exd4 11. Qa4 c6 12. Qxa5 cxb5 13. Qxb5 Nc6 14. Qc4 O-O
15. b4 a6 16. Qd5 Qe6 17. Nbd2 Ne7 18. Qxd4 f5 19. exf5 Nxf5 20. Qc4 d6 21. d4
dxc5 22. d5 Qg6 23. bxc5 Kh8 24. Ne5 Qf6 25. Ndf3 Ne7 26. Rab1 b5 27. cxb6 Bb7
28. Qc7 Bxd5 29. Qxe7 1-0

[Event "Aust Junior Open "]
[Site "Perth "]
[Date "2004.01.20"]
[Round "7.20"]
[White "Rozells, Nathan"]
[Black "Holland, Denis"]
[Result "1-0"]
[WhiteElo "1497"]
[BlackElo "1531"]
[PlyCount "51"]
[EventDate "2004.01.14"]
[EventType "swiss"]
[EventRounds "11"]
[EventCountry "AUS"]

1. e4 e5 2. Nf3 Nc6 3. d4 exd4 4. Nxd4 Bc5 5. Be3 Qf6 6. c3 Nge7 7. Bc4 Ne5 8.
Bb3 c6 9. O-O d5 10. exd5 Nxd5 11. Bxd5 cxd5 12. Nb5 Bd6 13. Qxd5 Bb8 14. Bc5
Bd7 15. Nd6+ Bxd6 16. Bxd6 Nf3+ 17. gxf3 O-O-O 18. Qc5+ Bc6 19. Nd2 Rxd6 20.
Ne4 Qxf3 21. Qf5+ Re6 22. Qxf3 Bxe4 23. Qh3 f5 24. f3 Rh6 25. Qxh6 gxh6 26.
fxe4 1-0

[Event "Aust Junior Open "]
[Site "Perth "]
[Date "2004.01.20"]
[Round "7.22"]
[White "Tse, Jeffrey"]
[Black "Sreetharan, Kishore"]
[Result "1/2-1/2"]
[WhiteElo "1337"]
[BlackElo "1509"]
[PlyCount "36"]
[EventDate "2004.01.14"]
[EventType "swiss"]
[EventRounds "11"]
[EventCountry "AUS"]

1. e4 Nc6 2. Bc4 e6 3. Nc3 Bb4 4. Nf3 Nge7 5. O-O d5 6. exd5 exd5 7. Bb3 Bg4 8.
Re1 O-O 9. a3 Ba5 10. h3 Bh5 11. Ba2 d4 12. Ne4 Nd5 13. c4 dxc3 14. dxc3 Nf6
15. Qxd8 Raxd8 16. Bg5 Bxf3 17. gxf3 Ne5 18. Kg2 Ned7 1/2-1/2

[Event "Aust Junior Open "]
[Site "Perth "]
[Date "2004.01.20"]
[Round "7.23"]
[White "Maguire, Jesse"]
[Black "Guo Yuthok, Sherab"]
[Result "0-1"]
[WhiteElo "1321"]
[BlackElo "1482"]
[PlyCount "52"]
[EventDate "2004.01.14"]
[EventType "swiss"]
[EventRounds "11"]
[EventCountry "AUS"]

1. e4 d6 2. d4 Nf6 3. Nc3 g6 4. f4 Bg7 5. Nf3 c5 6. d5 Qa5 7. Bd2 O-O 8. Be3 a6
9. a4 Qc7 10. Be2 Nbd7 11. h4 c4 12. Ng5 Nc5 13. Bf3 h6 14. Nh3 h5 15. Qe2 e6
16. e5 dxe5 17. fxe5 Nxd5 18. Nxd5 exd5 19. Bf4 Be6 20. O-O-O Nxa4 21. Ng5 c3
22. bxc3 Nxc3 23. Qd3 Nxd1 24. Bxh5 Bf5 25. Qxd1 gxh5 26. Qxh5 Qxc2# 0-1

[Event "Aust Junior Open "]
[Site "Perth "]
[Date "2004.01.20"]
[Round "7.24"]
[White "Muthusamy, Reubban"]
[Black "Beltrami, Matthew"]
[Result "1/2-1/2"]
[WhiteElo "1389"]
[BlackElo "1208"]
[PlyCount "59"]
[EventDate "2004.01.14"]
[EventType "swiss"]
[EventRounds "11"]
[EventCountry "AUS"]

1. e4 c6 2. d4 d5 3. f3 e6 4. Nc3 Bb4 5. Bf4 Ne7 6. Qd3 Ng6 7. Nge2 b6 8. Bg3
Nd7 9. a3 Be7 10. Nf4 Bh4 11. Qe3 Qg5 12. Bxh4 Qxf4 13. Qxf4 Nxf4 14. Bg3 Ng6
15. Bd6 f6 16. exd5 exd5 17. O-O-O Kf7 18. Na2 Nh4 19. c4 Nf5 20. Bf4 Nf8 21.
cxd5 cxd5 22. g4 Ne6 23. Bg3 Nfxd4 24. Bf2 Nb3+ 25. Kc2 Nbc5 26. Nb4 Bd7 27.
Kb1 Ba4 28. Rd2 Rac8 29. Bg2 Nb3 30. Rdd1 1/2-1/2

[Event "Aust Junior Open "]
[Site "Perth "]
[Date "2004.01.20"]
[Round "7.25"]
[White "Tran, Christopher"]
[Black "Scott, Christopher"]
[Result "1-0"]
[WhiteElo "1516"]
[BlackElo "857"]
[PlyCount "22"]
[EventDate "2004.01.14"]
[EventType "swiss"]
[EventRounds "11"]
[EventCountry "AUS"]

1. e4 c6 2. d4 d5 3. Nc3 dxe4 4. Nxe4 Nd7 5. Ng5 e6 6. Bd3 Ngf6 7. N1f3 Qe7 8.
O-O Nb6 9. Ne5 h6 10. Ngf3 Rg8 11. Bg6 Nbd7 {...} 1-0

[Event "Aust Junior Open "]
[Site "Perth "]
[Date "2004.01.20"]
[Round "7.27"]
[White "Slack Smith, Blair"]
[Black "Humphries, Ryan"]
[Result "0-1"]
[WhiteElo "1096"]
[BlackElo "1238"]
[PlyCount "56"]
[EventDate "2004.01.14"]
[EventType "swiss"]
[EventRounds "11"]
[EventCountry "AUS"]

1. d4 d5 2. Nf3 Nf6 3. e3 Bf5 4. Nbd2 e6 5. a3 Bd6 6. c4 c6 7. Be2 O-O 8. c5
Bc7 9. O-O Nbd7 10. h3 e5 11. b4 Re8 12. Bb2 exd4 13. Nxd4 Bg6 14. a4 a5 15. b5
cxb5 16. Bxb5 Nxc5 17. Bxe8 Qd6 18. Bxf7+ Kxf7 19. N2f3 Bh5 20. Nb5 Qb6 21.
Bxf6 Kxf6 22. Nxc7 Qxc7 23. Qxd5 Bg6 24. Qg5+ Ke6 25. Nd4+ Kd7 26. Rfd1 Ke8 27.
Qxc5 Qxc5 28. Ne6 Qe7 0-1

[Event "Aust Junior Open "]
[Site "Perth "]
[Date "2004.01.21"]
[Round "8.1"]
[White "Neeman, Jeremy"]
[Black "Bourmistrov, Denis"]
[Result "1/2-1/2"]
[WhiteElo "1548"]
[BlackElo "2030"]
[PlyCount "48"]
[EventDate "2004.01.14"]
[EventType "swiss"]
[EventRounds "11"]
[EventCountry "AUS"]

1. e4 c6 2. Nc3 d5 3. Nf3 dxe4 4. Nxe4 Nf6 5. Nxf6+ gxf6 6. d4 Bg4 7. c3 e6 8.
Bf4 Bd6 9. Bxd6 Qxd6 10. h3 Bh5 11. g4 Bg6 12. Bg2 Nd7 13. Qd2 O-O-O 14. Nh4
Nb6 15. Nxg6 hxg6 16. O-O-O g5 17. Qe2 Rh6 18. Kb1 Nd5 19. Bxd5 Qxd5 20. c4 Qd6
21. Rd3 Qb4 22. Rb3 Qd6 23. Rd3 Kb8 24. Rhd1 Qf4 1/2-1/2

[Event "Aust Junior Open "]
[Site "Perth "]
[Date "2004.01.21"]
[Round "8.2"]
[White "Chow, Sam"]
[Black "Suttor, Vincent"]
[Result "0-1"]
[WhiteElo "2130"]
[BlackElo "1828"]
[PlyCount "103"]
[EventDate "2004.01.14"]
[EventType "swiss"]
[EventRounds "11"]
[EventCountry "AUS"]

1. e4 c5 2. Nc3 e6 3. g3 d5 4. exd5 exd5 5. Bg2 Nf6 6. d3 d4 7. Ne4 Nxe4 8.
dxe4 Nc6 9. Ne2 Bd6 10. O-O O-O 11. Nf4 Re8 12. c4 Rb8 13. Nd3 b5 14. cxb5 Rxb5
15. b3 Ba6 16. Re1 Rb6 17. Nb2 c4 18. Nxc4 Bxc4 19. bxc4 Bb4 20. Bd2 Ne5 21.
Rc1 Ba3 22. Rc2 d3 23. Rc3 Bb2 24. Rb3 Nxc4 25. Bf4 d2 26. Rf1 Bc1 27. Bf3 Qd4
28. Qc2 Rxb3 29. Qxb3 Rd8 30. Qc2 Nb2 31. Bd1 Re8 32. e5 Rd8 33. Qc7 Qd7 34.
Qc2 Qd5 35. Qb3 Qxb3 36. axb3 Rd3 37. Kg2 h6 38. Be3 a6 39. Kf3 Nxd1 40. Rxd1
Rxb3 41. Ke2 Rb2 42. Bxd2 Rxd2+ 43. Rxd2 Bxd2 44. Kxd2 g5 45. f4 gxf4 46. gxf4
f6 47. Kc3 fxe5 48. fxe5 Kf7 49. Kb4 Ke6 50. Ka5 Kxe5 51. Kxa6 Ke4 52. Kb5 0-1

[Event "Aust Junior Open "]
[Site "Perth "]
[Date "2004.01.21"]
[Round "8.3"]
[White "Stojic, Dusan"]
[Black "Obst, James"]
[Result "1-0"]
[WhiteElo "1863"]
[BlackElo "1539"]
[PlyCount "99"]
[EventDate "2004.01.14"]
[EventType "swiss"]
[EventRounds "11"]
[EventCountry "AUS"]

1. Nf3 f5 2. g3 Nf6 3. Bg2 g6 4. O-O Bg7 5. c4 d6 6. d4 O-O 7. Nc3 Qe8 8. Re1
h6 9. e4 fxe4 10. Nxe4 Nxe4 11. Rxe4 Bf5 12. Re1 Qf7 13. Nh4 Bc8 14. f4 Bf6 15.
d5 a5 16. Nf3 Na6 17. Qe2 Bf5 18. Nd2 h5 19. Ne4 Rae8 20. Be3 b6 21. Qd2 e5 22.
dxe6 Bxe6 23. Nxf6+ Qxf6 24. Bd4 Qf7 25. Bc3 Qf5 26. Qd4 Qc5 27. b3 Bf5 28. Bc6
Rxe1+ 29. Rxe1 Qxd4+ 30. Bxd4 Nb4 31. Bf3 Rc8 32. Re7 Kf8 33. Rh7 Re8 34. Rxc7
Re1+ 35. Kg2 Bd3 36. Bg7+ Kg8 37. Kh3 Re3 38. Bg2 Re2 39. Bf3 Rf2 40. Bb7 Rxa2
41. Kh4 Rxh2+ 42. Kg5 Re2 43. Kf6 Bf5 44. Bc8 Re8 45. Bxf5 gxf5 46. Kxf5 Na6
47. Ra7 Nc5 48. Kg6 Nxb3 49. Bf6 Rc8 50. Rg7+ 1-0

[Event "Aust Junior Open "]
[Site "Perth "]
[Date "2004.01.21"]
[Round "8.4"]
[White "Oliver, Gareth"]
[Black "Hu, Jason"]
[Result "1-0"]
[WhiteElo "1844"]
[BlackElo "1590"]
[PlyCount "111"]
[EventDate "2004.01.14"]
[EventType "swiss"]
[EventRounds "11"]
[EventCountry "AUS"]

1. d4 Nf6 2. Nf3 e6 3. Bg5 c5 4. e3 Be7 5. Nbd2 Nc6 6. c3 h6 7. Bh4 b6 8. Bd3
Bb7 9. O-O d6 10. a3 O-O 11. Qe2 Nh5 12. Bg3 Nxg3 13. fxg3 Bf6 14. Rf2 cxd4 15.
exd4 d5 16. Raf1 Qd6 17. Nh4 Bxh4 18. gxh4 e5 19. dxe5 Nxe5 20. Bb1 Rae8 21.
Qh5 Bc8 22. h3 Ba6 23. Rd1 Nd3 24. Bxd3 Bxd3 25. Qf3 Ba6 26. Nb3 Re5 27. Nd4
Qe7 28. Qg3 Re1+ 29. Rxe1 Qxe1+ 30. Kh2 Bd3 31. Qf4 Qe4 32. Qg3 Qg6 33. Qxg6
Bxg6 34. Nc6 Ra8 35. Ne7+ Kh7 36. Nxd5 f6 37. Rd2 Re8 38. Nf4 Bf5 39. Ne2 Bc8
40. Nd4 Rd8 41. Re2 Rd7 42. Re8 Ba6 43. h5 Bc4 44. g4 Bf7 45. Re3 g6 46. hxg6+
Kxg6 47. Kg3 h5 48. gxh5+ Kxh5 49. Rf3 Kg6 50. h4 Rd5 51. Kg4 f5+ 52. Kf4 Kf6
53. Re3 Bh5 54. Re6+ Kf7 55. Rc6 Be2 56. Nxe2 1-0

[Event "Aust Junior Open "]
[Site "Perth "]
[Date "2004.01.21"]
[Round "8.5"]
[White "Ly, Moulthun"]
[Black "Yu, Michael"]
[Result "0-1"]
[WhiteElo "1646"]
[BlackElo "1736"]
[PlyCount "62"]
[EventDate "2004.01.14"]
[EventType "swiss"]
[EventRounds "11"]
[EventCountry "AUS"]

1. e4 e6 2. d4 d5 3. exd5 exd5 4. c4 Nf6 5. Nc3 Nc6 6. cxd5 Nxd5 7. Bb5 Bb4 8.
Nge2 O-O 9. O-O Bg4 10. f3 Bf5 11. Qb3 Bxc3 12. bxc3 Na5 13. Qd1 c6 14. Bd3
Nxc3 15. Nxc3 Qxd4+ 16. Kh1 Qxc3 17. Bd2 Qxd3 18. Bxa5 Qxd1 19. Rfxd1 Rfe8 20.
Rd2 Be6 21. Re1 b6 22. Bc3 Rad8 23. h3 Rxd2 24. Bxd2 Rd8 25. Be3 h6 26. a4 Rd5
27. Ra1 Rd3 28. a5 Rc3 29. Bg1 Rb3 30. Rc1 Ra3 31. axb6 axb6 0-1

[Event "Aust Junior Open "]
[Site "Perth "]
[Date "2004.01.21"]
[Round "8.6"]
[White "Stojic, Svetozar"]
[Black "Wei, Michael"]
[Result "1/2-1/2"]
[WhiteElo "1700"]
[BlackElo "1870"]
[PlyCount "92"]
[EventDate "2004.01.14"]
[EventType "swiss"]
[EventRounds "11"]
[EventCountry "AUS"]

1. e4 c5 2. Nf3 Nc6 3. d4 cxd4 4. Nxd4 Nf6 5. Nc3 e5 6. Ndb5 d6 7. Bg5 a6 8.
Na3 b5 9. Nd5 Be7 10. Bxf6 Bxf6 11. c3 O-O 12. Nc2 Bg5 13. a4 bxa4 14. Rxa4 a5
15. Bc4 Kh8 16. Nce3 Rb8 17. b3 g6 18. Bd3 Be6 19. Bc2 f5 20. O-O Bxe3 21. fxe3
Qg5 22. Kh1 Rb7 23. Rf3 Rff7 24. Ra1 fxe4 25. Rxf7 Rxf7 26. Bxe4 Qh4 27. Bf3
Qf2 28. Nb6 e4 29. Bxe4 Ne5 30. Bd5 Bxd5 31. Nxd5 Ng4 32. Qe1 Qf5 33. c4 Qe5
34. Qc3 Qxc3 35. Nxc3 Nxe3 36. h3 Rb7 37. Re1 Nc2 38. Re8+ Kg7 39. Nb5 d5 40.
Ra8 d4 41. Rd8 Kf6 42. Kg1 Ke5 43. Kf2 Na1 44. Rd5+ Kf6 45. Nxd4 Nxb3 46. Nxb3
Rxb3 {...} 1/2-1/2

[Event "Aust Junior Open "]
[Site "Perth "]
[Date "2004.01.21"]
[Round "8.7"]
[White "Huang, Justin"]
[Black "Xie, Ken"]
[Result "1-0"]
[WhiteElo "1596"]
[BlackElo "1802"]
[PlyCount "77"]
[EventDate "2004.01.14"]
[EventType "swiss"]
[EventRounds "11"]
[EventCountry "AUS"]

1. e4 c5 2. Nf3 Nc6 3. Bb5 g6 4. Bxc6 bxc6 5. O-O Bg7 6. Re1 e5 7. d3 d6 8. Nc3
Nh6 9. Ne2 O-O 10. c3 f5 11. Bg5 Qe8 12. exf5 gxf5 13. Ng3 Kh8 14. Qd2 Ng8 15.
d4 cxd4 16. Nxd4 Bd7 17. Nb3 Qg6 18. f4 h6 19. Bh4 Rae8 20. Ne2 Qg4 21. Qxd6
Qxh4 22. Qxd7 Nf6 23. Qxa7 Ne4 24. Qe3 Re6 25. Nc5 Rg6 26. Nxe4 fxe4 27. Qxe4
Rg4 28. Rf1 exf4 29. Rf3 Rf6 30. Raf1 Rfg6 31. R1f2 Qg5 32. Nxf4 Rd6 33. Qe2
Be5 34. Nh3 Qh5 35. Rf8+ Kh7 36. R8f3 Re6 37. Qd3+ Reg6 38. Qd7+ Rg7 39. Qf5+
1-0

[Event "Aust Junior Open "]
[Site "Perth "]
[Date "2004.01.21"]
[Round "8.8"]
[White "Yu, Chris"]
[Black "Ikeda, Junta"]
[Result "0-1"]
[WhiteElo "1589"]
[BlackElo "1705"]
[PlyCount "88"]
[EventDate "2004.01.14"]
[EventType "swiss"]
[EventRounds "11"]
[EventCountry "AUS"]

1. d4 d5 2. c4 e6 3. Nf3 c5 4. cxd5 exd5 5. e3 Nf6 6. a3 a6 7. Nbd2 Be7 8. dxc5
Bxc5 9. b4 Be7 10. Nb3 O-O 11. Bb2 Nc6 12. Bd3 Re8 13. O-O Bg4 14. h3 Bh5 15.
Rc1 Rc8 16. Be2 Ne4 17. Nfd4 Bxe2 18. Nxe2 Bd6 19. Qd3 Rc7 20. Bd4 Rd7 21. Nc5
Nxc5 22. Bxc5 Bb8 23. Nd4 Ne5 24. Qf5 g6 25. Qb1 b6 26. Nb3 bxc5 27. Nxc5 Ra7
28. Rfd1 Nc6 29. Qd3 Qd6 30. Qxd5 Qxd5 31. Rxd5 Ne7 32. Rd3 Kg7 33. Rcd1 Rc8
34. g3 a5 35. Rc1 axb4 36. Ne6+ fxe6 37. Rxc8 Nxc8 38. axb4 Bd6 39. Rc3 Rc7 40.
Rb3 Nb6 41. b5 Kf6 42. f4 Kf5 43. Kf2 e5 44. g4+ Ke4 0-1

[Event "Aust Junior Open "]
[Site "Perth "]
[Date "2004.01.21"]
[Round "8.10"]
[White "Chapman, Mark"]
[Black "Wongwitchit, Phachara"]
[Result "0-1"]
[WhiteElo "1639"]
[BlackElo "1773"]
[PlyCount "88"]
[EventDate "2004.01.14"]
[EventType "swiss"]
[EventRounds "11"]
[EventCountry "AUS"]

1. e4 e6 2. d4 d5 3. e5 c5 4. c3 Nc6 5. Nf3 Qb6 6. Be2 Nge7 7. dxc5 Qc7 8. Be3
Nxe5 9. Nxe5 Qxe5 10. O-O Bd7 11. Bd4 Qc7 12. f4 Ng6 13. Qd2 Bxc5 14. Bxc5
Qxc5+ 15. Qd4 Rc8 16. Bd3 O-O 17. Nd2 Bb5 18. Qxc5 Rxc5 19. Nb3 Bxd3 20. Nxc5
Bxf1 21. Rxf1 b6 22. Nd3 Re8 23. Re1 Kf8 24. g3 f6 25. Kf2 Kf7 26. h4 h5 27. f5
exf5 28. Rxe8 Kxe8 29. Ke3 Kd7 30. Kd4 Kd6 31. Nf4 Nxf4 32. gxf4 a6 33. b3 a5
34. a4 g5 35. fxg5 fxg5 36. hxg5 h4 37. Ke3 Ke5 38. Kf3 f4 39. Kg4 f3 40. Kxf3
Kf5 41. g6 Kxg6 42. Kg4 Kf6 43. Kxh4 Ke5 44. Kg5 d4 0-1

[Event "Aust Junior Open "]
[Site "Perth "]
[Date "2004.01.21"]
[Round "8.11"]
[White "Lattimore, Tor"]
[Black "Ferris, Shaun"]
[Result "1/2-1/2"]
[WhiteElo "1765"]
[BlackElo "1641"]
[PlyCount "35"]
[EventDate "2004.01.14"]
[EventType "swiss"]
[EventRounds "11"]
[EventCountry "AUS"]

1. e4 c5 2. Nf3 e6 3. Nc3 a6 4. g3 b5 5. Bg2 Bb7 6. d3 Nc6 7. O-O d6 8. Bf4
Nge7 9. Ne2 d5 10. exd5 Nxd5 11. Ne5 Bd6 12. Bxd5 exd5 13. Nxc6 Bxc6 14. Bxd6
Qxd6 15. d4 cxd4 16. Nf4 O-O 17. Qg4 Rae8 18. Rfe1 1/2-1/2

[Event "Aust Junior Open "]
[Site "Perth "]
[Date "2004.01.21"]
[Round "8.12"]
[White "Vijaykumar, Rukman"]
[Black "Kimura, Toshi"]
[Result "1/2-1/2"]
[WhiteElo "1577"]
[BlackElo "1723"]
[PlyCount "56"]
[EventDate "2004.01.14"]
[EventType "swiss"]
[EventRounds "11"]
[EventCountry "AUS"]

1. d4 d5 2. c4 e6 3. Nc3 c6 4. cxd5 exd5 5. Bf4 Nf6 6. Nf3 Be7 7. e3 Nbd7 8.
Bd3 Nh5 9. Bg3 Nxg3 10. hxg3 Nf6 11. Ne5 Be6 12. g4 Qc8 13. g5 Nd7 14. g6 Nxe5
15. dxe5 h6 16. Qc2 f6 17. exf6 Bxf6 18. Ne2 Qc7 19. Nf4 Bg8 20. Bf5 Qa5+ 21.
Qd2 Qxd2+ 22. Kxd2 Ke7 23. Kc2 Be5 24. Rhe1 Kf6 25. g4 h5 26. Rh1 h4 27. Rh2
Re8 28. Bd3 Ke7 1/2-1/2

[Event "Aust Junior Open "]
[Site "Perth "]
[Date "2004.01.21"]
[Round "8.13"]
[White "Kaspar, Ric"]
[Black "Wang, Zhengbo"]
[Result "0-1"]
[WhiteElo "1436"]
[BlackElo "1684"]
[PlyCount "48"]
[EventDate "2004.01.14"]
[EventType "swiss"]
[EventRounds "11"]
[EventCountry "AUS"]

1. e4 e5 2. Nf3 Nc6 3. d4 exd4 4. Nxd4 Nf6 5. Nxc6 bxc6 6. e5 Qe7 7. Qe2 Nd5 8.
c4 Ba6 9. b3 Qh4 10. a3 Bc5 11. g3 Bxf2+ 12. Kxf2 Qd4+ 13. Kg2 Qxa1 14. Qc2
Qxe5 15. cxd5 Qxd5+ 16. Kf2 Qxh1 17. Bg2 Qxh2 18. Qe4+ Kd8 19. Bg5+ f6 20. Bh4
Re8 21. Qxe8+ Kxe8 22. Nd2 g5 23. Nf3 Qxg2+ 24. Kxg2 gxh4 0-1

[Event "Aust Junior Open "]
[Site "Perth "]
[Date "2004.01.21"]
[Round "8.14"]
[White "Colic, Igor"]
[Black "Oliver, Shannon"]
[Result "1-0"]
[WhiteElo "1332"]
[BlackElo "1580"]
[PlyCount "67"]
[EventDate "2004.01.14"]
[EventType "swiss"]
[EventRounds "11"]
[EventCountry "AUS"]

1. e4 c5 2. Nf3 d6 3. h3 Nf6 4. Bd3 Nc6 5. c3 g5 6. Bc2 d5 7. exd5 Qxd5 8. d3
Bg7 9. O-O O-O 10. Be3 e5 11. Nbd2 Bf5 12. Ne4 b6 13. Bb3 Qd7 14. Nfxg5 h6 15.
Nxf6+ Bxf6 16. Ne4 Bxe4 17. dxe4 Qxd1 18. Raxd1 Bg7 19. Rd6 Ne7 20. Rfd1 Rfc8
21. Rd7 Kf8 22. Rb7 Rcb8 23. Rdd7 Rxb7 24. Rxb7 f6 25. a4 f5 26. f3 f4 27. Bf2
Bf6 28. a5 Ke8 29. axb6 Nc8 30. Ba4+ Kf8 31. Bxc5+ Kg8 32. bxa7 Nxa7 33. Bxa7
Bh4 34. Rb8+ 1-0

[Event "Aust Junior Open "]
[Site "Perth "]
[Date "2004.01.21"]
[Round "8.15"]
[White "Guo Yuthok, Sherab"]
[Black "Lugo, Ruperto"]
[Result "0-1"]
[WhiteElo "1482"]
[BlackElo "1697"]
[PlyCount "50"]
[EventDate "2004.01.14"]
[EventType "swiss"]
[EventRounds "11"]
[EventCountry "AUS"]

1. e4 d5 2. exd5 Qxd5 3. Nc3 Qa5 4. d4 Nf6 5. h3 c6 6. Nf3 Bf5 7. Bd2 e6 8. a3
Nbd7 9. Ne4 Qc7 10. Nxf6+ Nxf6 11. Ne5 Bd6 12. Nc4 a5 13. b4 axb4 14. Nxd6+
Qxd6 15. Bxb4 Qd5 16. f3 e5 17. dxe5 Qxe5+ 18. Kf2 Nd5 19. Bc5 O-O-O 20. Bd4
Qe7 21. Bd3 Qh4+ 22. Kf1 Bxd3+ 23. Qxd3 Rhe8 24. Bf2 Ne3+ 25. Qxe3 Qc4+ 0-1

[Event "Aust Junior Open "]
[Site "Perth "]
[Date "2004.01.21"]
[Round "8.16"]
[White "Vishwanath, Ganesh"]
[Black "Rozells, Nathan"]
[Result "1/2-1/2"]
[WhiteElo "1551"]
[BlackElo "1497"]
[PlyCount "88"]
[EventDate "2004.01.14"]
[EventType "swiss"]
[EventRounds "11"]
[EventCountry "AUS"]

1. Nf3 Nf6 2. g3 d5 3. d4 Bf5 4. Bg2 e6 5. O-O c5 6. c4 Nc6 7. e3 Rc8 8. b3 Be7
9. Bb2 O-O 10. Nh4 Bg6 11. Nxg6 hxg6 12. Qe2 cxd4 13. exd4 dxc4 14. Bxc6 Rxc6
15. bxc4 Qc7 16. Ba3 Bxa3 17. Nxa3 a6 18. Rfd1 Rc8 19. Rac1 b5 20. c5 Nd5 21.
Nc2 Rb8 22. Ne3 Nxe3 23. fxe3 e5 24. Rc3 Re8 25. Qc2 exd4 26. exd4 Rc8 27. Qe4
Qd7 28. Re3 Re6 29. Qd3 Rxe3 30. Qxe3 Rxc5 31. dxc5 Qxd1+ 32. Kg2 Qd5+ 33. Kf1
Kf8 34. Qa3 Qc6 35. Kf2 a5 36. Ke2 Qg2+ 37. Ke3 Qc6 38. Ke2 Qe4+ 39. Kd2 Qg2+
40. Ke3 Qc6 41. Kd3 Qd7+ 42. Ke4 Qc6+ 43. Kd4 Qd7+ 44. Ke4 Qc6+ 1/2-1/2

[Event "Aust Junior Open "]
[Site "Perth "]
[Date "2004.01.21"]
[Round "8.18"]
[White "Zvedeniouk, Ilia"]
[Black "Wallis, Christopher"]
[Result "1-0"]
[WhiteElo "1922"]
[BlackElo "1430"]
[PlyCount "60"]
[EventDate "2004.01.14"]
[EventType "swiss"]
[EventRounds "11"]
[EventCountry "AUS"]

1. e4 e5 2. Nf3 Nc6 3. Nc3 Nf6 4. Bb5 Nd4 5. Nxe5 Qe7 6. f4 Nxb5 7. Nxb5 d6 8.
Nf3 Qxe4+ 9. Kf2 Ng4+ 10. Kg3 Qg6 11. Nh4 Qh5 12. Re1+ Kd8 13. Qe2 Bd7 14. Nc3
g5 15. fxg5 Qxg5 16. Nf3 Qg7 17. d4 h5 18. Bg5+ f6 19. Bh4 Rg8 20. h3 Ne3+ 21.
Kh2 Nf5 22. Qf2 Nxh4 23. Nxh4 d5 24. Nxd5 Bd6+ 25. Kh1 Bg3 26. Qxf6+ Qxf6 27.
Nxf6 Bxe1 28. Rxe1 Rf8 29. Nxh5 Rh8 30. Re5 c6 {...} 1-0

[Event "Aust Junior Open "]
[Site "Perth "]
[Date "2004.01.21"]
[Round "8.19"]
[White "Guzel, Adam"]
[Black "Cronan, James"]
[Result "0-1"]
[WhiteElo "1346"]
[BlackElo "1760"]
[PlyCount "60"]
[EventDate "2004.01.14"]
[EventType "swiss"]
[EventRounds "11"]
[EventCountry "AUS"]

1. d4 c5 2. c3 f5 3. Bg5 Qb6 4. Qb3 Qxb3 5. axb3 cxd4 6. cxd4 Nc6 7. e3 h6 8.
Bh4 g6 9. Nf3 Bg7 10. Nc3 Nb4 11. Rc1 Nf6 12. Bc4 d6 13. Nb5 Kd8 14. O-O a6 15.
Nc3 b5 16. Be2 Be6 17. Ra1 Kd7 18. Rfc1 Bxb3 19. Nd2 Bf7 20. Bxf6 Bxf6 21. Bf3
Rab8 22. d5 Rhc8 23. Kf1 Nd3 24. Rcb1 Nxb2 25. Ne2 Na4 26. Ra3 g5 27. g3 Rc2
28. Nb3 Rb6 29. Nbd4 Rc4 30. Nxf5 Bg6 {...} 0-1

[Event "Aust Junior Open "]
[Site "Perth "]
[Date "2004.01.21"]
[Round "8.20"]
[White "Humphries, Ryan"]
[Black "van Heerden, Daniel"]
[Result "0-1"]
[WhiteElo "1238"]
[BlackElo "1532"]
[PlyCount "26"]
[EventDate "2004.01.14"]
[EventType "swiss"]
[EventRounds "11"]
[EventCountry "AUS"]

1. e4 d5 2. exd5 Qxd5 3. Nc3 Qa5 4. d4 Nf6 5. Nf3 c6 6. Bc4 Bg4 7. O-O Nbd7 8.
Re1 e6 9. d5 Nb6 10. dxe6 Nxc4 11. Qd4 Bxf3 12. Bg5 Qxg5 13. exf7+ Kxf7 0-1

[Event "Aust Junior Open "]
[Site "Perth "]
[Date "2004.01.21"]
[Round "8.21"]
[White "Beltrami, Matthew"]
[Black "Tran, Christopher"]
[Result "0-1"]
[WhiteElo "1208"]
[BlackElo "1516"]
[PlyCount "92"]
[EventDate "2004.01.14"]
[EventType "swiss"]
[EventRounds "11"]
[EventCountry "AUS"]

1. d4 Nf6 2. Nf3 e6 3. Bg5 c5 4. e3 b6 5. d5 d6 6. Bb5+ Bd7 7. Bxd7+ Nbxd7 8.
dxe6 fxe6 9. c4 Be7 10. Nc3 a6 11. a4 O-O 12. O-O Nb8 13. Ne2 Nh5 14. Bxe7 Qxe7
15. Qd3 Nc6 16. Rad1 Rad8 17. Qe4 d5 18. cxd5 exd5 19. Qxe7 Nxe7 20. b3 Nc6 21.
Rd2 Nf6 22. Rfd1 Nb4 23. Ng5 Rfe8 24. Ng3 h6 25. Nf3 Ne4 26. Nxe4 Rxe4 27. Kf1
Kf7 28. Ne1 Ke6 29. Nd3 Nxd3 30. Rxd3 c4 31. bxc4 Rxc4 32. Rd4 Rd6 33. Rxc4
dxc4 34. Rxd6+ Kxd6 35. Ke2 b5 36. axb5 axb5 37. Kd2 b4 38. Kc2 g5 39. f4 gxf4
40. exf4 h5 41. h4 Ke6 42. g3 Kf5 43. Kb2 Ke6 44. Kc2 Kd5 45. Kd2 Kd4 46. Kc2
b3+ 0-1

[Event "Aust Junior Open "]
[Site "Perth "]
[Date "2004.01.21"]
[Round "8.22"]
[White "Sreetharan, Kishore"]
[Black "Muthusamy, Reubban"]
[Result "1/2-1/2"]
[WhiteElo "1509"]
[BlackElo "1389"]
[PlyCount "67"]
[EventDate "2004.01.14"]
[EventType "swiss"]
[EventRounds "11"]
[EventCountry "AUS"]

1. e4 d5 2. exd5 Qxd5 3. Nc3 Qa5 4. d4 Nf6 5. Bc4 Bg4 6. f3 Bf5 7. Bf4 e6 8.
Qd2 Bb4 9. O-O-O Nbd7 10. g4 Nb6 11. Bb3 Bxg4 12. fxg4 Ne4 13. Qe2 Nxc3 14.
bxc3 Bxc3 15. Kb1 Nd5 16. Bd2 Qb4 17. Nf3 b5 18. Qe1 a5 19. a3 Bxd2 20. axb4
Bxe1 21. Rdxe1 Nxb4 22. c3 Nd3 23. Re3 Nf4 24. d5 O-O-O 25. dxe6 fxe6 26. Bxe6+
Nxe6 27. Rxe6 Rd3 28. Nd4 Rxc3 29. Ra6 Kb7 30. Rxa5 c6 31. Ra2 Rc4 32. Ne6 Rxg4
33. Rf1 Re8 34. Nc5+ 1/2-1/2